000 00687nam a2200205Ia 4500
005 20250508163750.0
008 008 250505s9999 xx 000 0 eng d
020 _a92-803-1164-6
037 _aTextual
040 _aFEDL
_beng
_cFEDL
041 _aeng
_2eng
084 _a379.11, KEM
_qFEDL
100 _aKemmerer Frances N Ed.
_9776265
245 0 _aIncentives analysis and individual decision making in the planning of education
260 _aParis, France
_bUnited Nations Educational, Scientific and Cultural Organization
_c1997
300 _axii,201p.
700 _a Windham Douglas M Ed.
_9776266
942 _cTEXL
_h379.11, KEM
999 _c1385137
_d1385137